[Event "86th UKR-ch"]
[Site "Zhytomyr UKR"]
[Date "2017.12.16"]
[Round "1"]
[White "Bernadskyi, Vitalii"]
[Black "Frolov, Artur"]
[WhiteElo "2583"]
[BlackElo "2416"]
[Result "1/2-1/2"]
[EventDate "2017.12.05"]
[PlyCount "148"]

1. Nf3 Nf6 2. d4 g6 3. Nbd2 d5 4. e3 Bg7 5. b4 a5 6. b5 c5 7. bxc6 bxc6 8. c4 O-O 9. Be2 c5 10. O-O cxd4 11. Nxd4 e5 12. Nb5 Nc6 13. Ba3 Nb4 14. Bb2 e4 15. a3 Nd3 16. Bd4 Rb8 17. a4 Bb7 18. cxd5 Qxd5 19. f3 Ne5 20. Nc3 Qe6 21. fxe4 Nc6 22. Bc4 Qd6 23. Nb5 Qe7 24. Bxf6 Bxf6 25. Rc1 Ne5 26. Ba2 Rbc8 27. Qb3 Rxc1 28. Rxc1 Rd8 29. Rc7 Rd7 30. Rxd7 Qxd7 31. Nd4 Ng4 32. Qb5 Qxb5 33. Nxb5 Bg5 34. Nf1 Bxe4 35. Nd6 Bc2 36. Nxf7 Bxe3+ 37. Nxe3 Nxe3 38. Kf2 Nd1+ 39. Ke1 Nc3 40. Bc4 Nxa4 41. Kd2 Nb6 42. Be6 Ba4 43. Nd6+ Kg7 44. Nb7 Bc6 45. Nxa5 Bxg2 46. Nc4 Na4 47. Ne3 Bc6 48. Bd5 Bd7 49. Ke2 Kf6 50. Kf2 Ke5 51. Bg8 h6 52. Kg3 Nc5 53. Ng4+ Bxg4 54. Kxg4 Ne4 55. Ba2 Nf6+ 56. Kf3 g5 57. Bb1 h5 58. Bg6 h4 59. h3 Nd7 60. Bh5 Nc5 61. Bg4 Nb3 62. Bc8 Nd2+ 63. Kg4 Kf6 64. Bb7 Nc4 65. Kf3 Ne5+ 66. Ke4 Nf7 67. Kf3 Nd6 68. Ba6 Nf7 69. Bc8 Nd8 70. Bd7 Ne6 71. Bxe6 Kxe6 72. Kg4 Kf6 73. Kf3 Kf5 74. Ke3 Ke5 1/2-1/2

[Event "86th UKR-ch"]
[Site "Zhytomyr UKR"]
[Date "2017.12.16"]
[Round "1"]
[White "Neverov, Valeriy"]
[Black "Shevchenko, Kirill"]
[WhiteElo "2496"]
[BlackElo "2547"]
[Result "1/2-1/2"]
[EventDate "2017.12.05"]
[PlyCount "81"]

1. d4 d6 2. Nf3 Nf6 3. g3 g6 4. Bg2 Bg7 5. O-O O-O 6. Nbd2 Nc6 7. b3 e5 8. dxe5 Ng4 9. Nc4 Ngxe5 10. Nfxe5 Nxe5 11. Nxe5 Bxe5 12. Bh6 Re8 13. Rb1 Qf6 14. Qd2 Bc3 15. Qd3 c6 16. e4 d5 17. exd5 Bf5 18. Qf3 cxd5 19. Rbd1 Bd4 20. h4 Qb6 21. Qxd5 Rad8 22. Qxb7 Bxf2+ 23. Kh2 Rxd1 24. Rxd1 Bxc2 25. Rd7 Bg1+ 26. Kh1 Qxb7 27. Rxb7 Be3 28. Bxe3 Rxe3 29. Rc7 Bd1 30. Rxa7 Rxg3 31. Bd5 Kg7 32. Rxf7+ Kh6 33. Rf4 Rd3 34. Bc4 Rd2 35. a4 Rb2 36. a5 Bxb3 37. Bxb3 Rxb3 38. Ra4 g5 39. a6 Rb8 40. a7 Ra8 41. hxg5+ 1/2-1/2

[Event "86th UKR-ch"]
[Site "Zhytomyr UKR"]
[Date "2017.12.16"]
[Round "1"]
[White "Onyshchuk, Volodymyr"]
[Black "Oleksienko, Mykhailo"]
[WhiteElo "2637"]
[BlackElo "2615"]
[Result "1/2-1/2"]
[EventDate "2017.12.05"]
[PlyCount "138"]

1. Nf3 Nf6 2. g3 g6 3. Bg2 Bg7 4. O-O O-O 5. d3 c5 6. c4 Nc6 7. Nc3 d6 8. a3 Bd7 9. Rb1 Qc8 10. b4 Bh3 11. Bd2 b6 12. b5 Nd4 13. e3 Bxg2 14. Kxg2 Nxf3 15. Qxf3 e6 16. a4 a5 17. e4 Qb7 18. Rbe1 Rae8 19. Qe2 Nd7 20. f4 f5 21. Qf3 Nf6 22. h3 h5 23. Re2 Rd8 24. Rfe1 Rf7 25. Bc1 d5 26. e5 Nh7 27. cxd5 exd5 28. Rd1 d4 29. Nb1 Nf8 30. Na3 Ne6 31. Nc4 Bh6 32. Rf1 Qxf3+ 33. Kxf3 Rb8 34. Nd6 Rd7 35. Nc4 Bf8 36. g4 Rh7 37. gxf5 gxf5 38. Rg2+ Rg7 39. Rxg7+ Kxg7 40. Bd2 Kf7 41. Rg1 Be7 42. Be1 Nf8 43. Rg2 Ne6 44. Rb2 Ke8 45. Rb1 Kf7 46. Bxa5 bxa5 47. Nxa5 Ra8 48. b6 Nd8 49. Nc4 Rxa4 50. b7 Nxb7 51. Rxb7 Ra1 52. Nd6+ Ke6 53. Ne8 Rf1+ 54. Kg2 Rxf4 55. Ng7+ Kf7 56. Nxh5 Rh4 57. Ng3 Rf4 58. Nh5 Rh4 59. Ng7 Kxg7 60. Rxe7+ Kg6 61. Rc7 Kg5 62. e6 Rh6 63. Rc6 Rh7 64. Rxc5 Kf6 65. Rc6 Ke5 66. Ra6 Rg7+ 67. Kf3 Rh7 68. Kg3 Rg7+ 69. Kf3 Rh7 1/2-1/2

[Event "86th UKR-ch"]
[Site "Zhytomyr UKR"]
[Date "2017.12.16"]
[Round "1"]
[White "Vovk, Andryi"]
[Black "Gasanov, Eldar"]
[WhiteElo "2634"]
[BlackElo "2488"]
[Result "1/2-1/2"]
[EventDate "2017.12.05"]
[PlyCount "127"]

1. e4 e5 2. Nf3 Nc6 3. d4 exd4 4. Nxd4 Nf6 5. Nxc6 bxc6 6. e5 Qe7 7. Qe2 Nd5 8. c4 Ba6 9. b3 g6 10. Ba3 Nb4 11. Bb2 Bg7 12. a3 Nd5 13. Nd2 O-O 14. O-O-O Nb6 15. f4 d5 16. h4 Rad8 17. h5 dxc4 18. Qe4 Qe6 19. bxc4 Na4 20. Ba1 Qe7 21. Rh3 Bc8 22. Re3 Qc5 23. Rb3 Bf5 24. Qf3 Rb8 25. Be2 Bg4 26. Qxg4 Rxb3 27. Nxb3 Qxa3+ 28. Kd2 Qxb3 29. Ke1 Nb2 30. Rd7 Nxc4 31. hxg6 hxg6 32. Qf3 Qa4 33. Bc3 Nb6 34. Rd4 Qc2 35. Qxc6 Qb3 36. Bb4 Qb2 37. Bc3 Qb1+ 38. Kf2 Qb3 39. Bd2 Qb2 40. Rd3 Qa2 41. g3 Qc4 42. Qb7 a5 43. Be3 a4 44. Rd1 Qb3 45. Bc5 Rc8 46. Rc1 Qd5 47. Qxd5 Nxd5 48. Bb5 Bf8 49. Bd4 a3 50. Kf3 c5 51. Ba1 Nb6 52. Ke4 c4 53. g4 Bb4 54. Bd4 c3 55. f5 a2 56. Rh1 Be7 57. fxg6 c2 58. gxf7+ Kxf7 59. Kf5 Ba3 60. Rh7+ Kg8 61. Kg6 c1=Q 62. Rg7+ Kf8 63. Rf7+ Kg8 64. Rg7+ 1/2-1/2

[Event "86th UKR-ch"]
[Site "Zhytomyr UKR"]
[Date "2017.12.14"]
[Round "2"]
[White "Frolov, Artur"]
[Black "Onyshchuk, Volodymyr"]
[WhiteElo "2416"]
[BlackElo "2637"]
[Result "0-1"]
[EventDate "2017.12.05"]
[PlyCount "95"]

1. e4 c5 2. Nf3 Nc6 3. Bb5 g6 4. Bxc6 dxc6 5. h3 Bg7 6. d3 Nf6 7. Nc3 Nd7 8. Be3 e5 9. O-O Qe7 10. Qd2 Nf8 11. Bh6 f6 12. Bxg7 Qxg7 13. a3 Ne6 14. b4 cxb4 15. axb4 O-O 16. Qe3 a6 17. Na4 Rd8 18. Rfd1 Nd4 19. Nxd4 exd4 20. Qg3 Be6 21. h4 Qe7 22. h5 Bf7 23. Nb6 Rab8 24. h6 Qd6 25. Qxd6 Rxd6 26. f4 Re8 27. Ra5 Rdd8 28. Kf2 Kf8 29. g4 Ke7 30. g5 fxg5 31. Rxg5 Kd6 32. Kf3 Kc7 33. Nc4 Bxc4 34. dxc4 b6 35. Rd3 Rd7 36. e5 c5 37. bxc5 bxc5 38. Ke4 Kc6 39. Ra3 Ra7 40. f5 gxf5+ 41. Rxf5 Re6 42. Rf6 Rxf6 43. exf6 Kd6 44. Kf5 a5 45. Ra1 a4 46. Re1 Ra8 47. f7 Kd7 48. Kf6 0-1

[Event "86th UKR-ch"]
[Site "Zhytomyr UKR"]
[Date "2017.12.14"]
[Round "2"]
[White "Neverov, Valeriy"]
[Black "Vovk, Andryi"]
[WhiteElo "2496"]
[BlackElo "2634"]
[Result "0-1"]
[EventDate "2017.12.05"]
[PlyCount "63"]

1. e4 e5 2. Nf3 Nc6 3. d4 exd4 4. Nxd4 Bb4+ 5. c3 Bc5 6. Nf5 g6 7. Be3 Bxe3 8. Nxe3 Nf6 9. f3 O-O 10. c4 d6 11. Nc3 Nh5 12. Qd2 Ng7 13. h4 f5 14. exf5 Nxf5 15. Nxf5 Bxf5 16. O-O-O Be6 17. h5 g5 18. h6 Rf4 19. Qe3 Bf7 20. g3 Rf5 21. f4 Qe7 22. Qxe7 Nxe7 23. Bd3 gxf4 24. Bxf5 Nxf5 25. Rdf1 Ne3 26. Rxf4 Nxc4 27. Rg4+ Kh8 28. Rg7 Ne5 29. Rf1 Bc4 30. Rf6 Rc8 31. b3 Bg8 32. Nb5 0-1

[Event "86th UKR-ch"]
[Site "Zhytomyr UKR"]
[Date "2017.12.14"]
[Round "2"]
[White "Shevchenko, Kirill"]
[Black "Bernadskyi, Vitalii"]
[WhiteElo "2547"]
[BlackElo "2583"]
[Result "1/2-1/2"]
[EventDate "2017.12.05"]
[PlyCount "60"]

1. e4 e5 2. Nf3 Nc6 3. Nc3 Nf6 4. a3 d5 5. exd5 Nxd5 6. Bb5 Nxc3 7. bxc3 Bd6 8. O-O O-O 9. Re1 Re8 10. d3 Bg4 11. h3 Bh5 12. g4 Bg6 13. Ng5 e4 14. Nxe4 Bxe4 15. dxe4 Rxe4 16. Bf1 Rxe1 17. Qxe1 Qf6 18. Bg2 Be5 19. Rb1 Re8 20. Kh1 Re7 21. Be3 Na5 22. c4 Nxc4 23. g5 Qd6 24. Rd1 Qe6 25. Rd8+ Re8 26. Rxe8+ Qxe8 27. Bxa7 Qb5 28. Bf1 Qd5+ 29. Bg2 Qb5 30. Bf1 Qd5+ 1/2-1/2

[Event "86th UKR-ch"]
[Site "Zhytomyr UKR"]
[Date "2017.12.11"]
[Round "3"]
[White "Bernadskyi, Vitalii"]
[Black "Vovk, Andryi"]
[WhiteElo "2583"]
[BlackElo "2634"]
[Result "1/2-1/2"]
[EventDate "2017.12.05"]
[PlyCount "57"]

1. e4 c5 2. Nf3 d6 3. Nc3 Nf6 4. e5 dxe5 5. Nxe5 e6 6. Bb5+ Nbd7 7. d4 a6 8. Bxd7+ Nxd7 9. Qh5 Nxe5 10. dxe5 Bd7 11. Bg5 Qc7 12. O-O-O Bc6 13. f4 Be7 14. Bxe7 Qxe7 15. Rd6 Rd8 16. Rhd1 Rxd6 17. exd6 Qf6 18. g3 Qf5 19. Qxf5 exf5 20. Re1+ Kd7 21. Re7+ Kxd6 22. Rxf7 g6 23. b3 Ke6 24. Rc7 h6 25. Na4 g5 26. Rg7 Kf6 27. Rc7 Ke6 28. Rg7 Kf6 29. Rc7 1/2-1/2

[Event "86th UKR-ch"]
[Site "Zhytomyr UKR"]
[Date "2017.12.11"]
[Round "3"]
[White "Oleksienko, Mykhailo"]
[Black "Frolov, Artur"]
[WhiteElo "2615"]
[BlackElo "2416"]
[Result "1-0"]
[EventDate "2017.12.05"]
[PlyCount "99"]

1. e4 e5 2. Nf3 Nc6 3. Bb5 a6 4. Ba4 Nf6 5. O-O Be7 6. Re1 b5 7. Bb3 d6 8. c3 O-O 9. h3 Na5 10. Bc2 c5 11. d4 Qc7 12. Nbd2 Bd7 13. Nf1 Nc4 14. Ng3 Rfe8 15. d5 a5 16. Bd3 Nb6 17. Qe2 c4 18. Bc2 Bd8 19. Be3 Qb8 20. Nd2 h6 21. Qd1 Nh7 22. a4 Nxa4 23. Bxa4 bxa4 24. Nxc4 Ra6 25. Nf5 Bg5 26. Rxa4 Qc7 27. Ncxd6 Rxd6 28. Nxd6 Qxd6 29. Rxa5 Qg6 30. Qf3 f5 31. exf5 Bxf5 32. Qg3 Bxe3 33. Rxe3 Qd6 34. Ra7 Bd7 35. c4 Nf6 36. Rea3 Rf8 37. Ra8 Qc5 38. Rxf8+ Kxf8 39. Qc3 Ne4 40. Ra8+ Kf7 41. Qf3+ Nf6 42. b3 Qd4 43. Qe3 Ke7 44. Qxd4 exd4 45. Kf1 Kd6 46. Ke2 Kc5 47. g4 h5 48. f3 hxg4 49. hxg4 Be8 50. g5 1-0

[Event "86th UKR-ch"]
[Site "Zhytomyr UKR"]
[Date "2017.12.11"]
[Round "3"]
[White "Onyshchuk, Volodymyr"]
[Black "Shevchenko, Kirill"]
[WhiteElo "2637"]
[BlackElo "2547"]
[Result "1-0"]
[EventDate "2017.12.05"]
[PlyCount "149"]

1. e4 c5 2. Ne2 d6 3. g3 d5 4. d3 Nc6 5. Bg2 Nf6 6. O-O e6 7. exd5 Nxd5 8. Nbc3 Nxc3 9. Bxc6+ bxc6 10. Nxc3 Be7 11. Be3 Rb8 12. Na4 Qd5 13. c4 Qf5 14. Qe2 O-O 15. Rad1 Rd8 16. f3 h5 17. Bf2 Bf6 18. b3 Bd4 19. Qe4 e5 20. Nxc5 Bxc5 21. Bxc5 a6 22. Rfe1 f6 23. Re3 Bd7 24. Qxf5 Bxf5 25. Kf2 Rd7 26. Ke2 Rbd8 27. Bb6 Rb8 28. Ba5 Kf7 29. Kd2 Rbb7 30. Kc3 Rb8 31. Bb4 Rbb7 32. Bc5 Rb8 33. h4 Rbd8 34. f4 g6 35. fxe5 fxe5 36. a4 Kf6 37. Bb6 Rb8 38. a5 Rbb7 39. Rd2 Rd6 40. Bc5 Rd8 41. Rf3 Ke6 42. Bb6 Rd6 43. b4 Kf6 44. Re3 Rbd7 45. Bc5 Rd4 46. Rf3 Rg4 47. Re2 Rd8 48. Ba7 Ke6 49. Bb6 Rd7 50. Ree3 Kf6 51. Bc5 Rd8 52. Ba7 Rgd4 53. Bb6 R8d7 54. Re4 R4d6 55. Bc5 Re6 56. Re1 Re8 57. Rd1 Red8 58. Bb6 Re8 59. Rd2 Re6 60. Bc5 e4 61. dxe4 Rxd2 62. exf5 Ree2 63. Bd4+ Kf7 64. fxg6+ Kxg6 65. Rf6+ Kh7 66. Be3 Ra2 67. Bf4 c5 68. bxc5 Rxa5 69. c6 Kg7 70. Rd6 Rf5 71. c7 Rc5 72. Rd7+ Kf6 73. Kd4 Rc6 74. Kd5 Ree6 75. Bd6 1-0

[Event "86th UKR-ch"]
[Site "Zhytomyr UKR"]
[Date "2017.12.11"]
[Round "3"]
[White "Vypkhaniuk, Ihor"]
[Black "Gasanov, Eldar"]
[WhiteElo "2336"]
[BlackElo "2488"]
[Result "1/2-1/2"]
[EventDate "2017.12.05"]
[PlyCount "178"]

1. d4 Nf6 2. Nf3 e6 3. g3 b5 4. Bg5 Bb7 5. Nbd2 Be7 6. c3 O-O 7. Bg2 c5 8. Bxf6 Bxf6 9. O-O Qb6 10. e3 d6 11. a4 a6 12. Ne1 Nc6 13. Nd3 Rfd8 14. Ne4 Be7 15. axb5 axb5 16. Qh5 h6 17. b4 cxb4 18. cxb4 Rxa1 19. Rxa1 Nxd4 20. exd4 Qxd4 21. Rd1 Bxe4 22. Ne5 dxe5 23. Rxd4 Rxd4 24. Qe2 Bxg2 25. Kxg2 Rd5 26. Qe1 f5 27. h4 Kf7 28. h5 e4 29. Qc3 Bd6 30. Kf1 Rd1+ 31. Kg2 Rd3 32. Qc6 Rd5 33. Qc3 Be5 34. Qc6 Bf6 35. Qc7+ Be7 36. Qc3 Rd1 37. Qc6 Rd2 38. Kf1 Rd5 39. Qc3 Bd6 40. Kg2 Rd1 41. Qc6 Rd5 42. Qc3 f4 43. gxf4 Bxf4 44. Qc2 Rxh5 45. Qxe4 Bd6 46. Qb7+ Kf6 47. Qe4 Rg5+ 48. Kf1 Kf7 49. Qd4 Rd5 50. Qe4 h5 51. Kg2 Rg5+ 52. Kf1 Be7 53. Qf3+ Rf5 54. Qe4 g5 55. Kg2 g4 56. Kg3 Rd5 57. Kh2 Bf6 58. Qh7+ Bg7 59. Qe4 Rf5 60. Kg2 Bf6 61. Kg3 Bg5 62. Qb7+ Be7 63. Qe4 Rd5 64. Kh2 Rg5 65. Qh7+ Ke8 66. Qe4 Bd6+ 67. Kg2 Kd7 68. Kh1 Re5 69. Qh7+ Be7 70. Qd3+ Rd5 71. Qe4 Bf6 72. Qh7+ Kd6 73. Qe4 Rf5 74. Qd3+ Ke7 75. Qe4 Kf7 76. Qb7+ Be7 77. Qe4 Bh4 78. Qb7+ Kf6 79. Qc7 Bxf2 80. Qd8+ Kf7 81. Qd7+ Kf6 82. Qd8+ Ke5 83. Qc7+ Ke4 84. Qc6+ Kf4 85. Qxe6 h4 86. Qh6+ Ke4 87. Qe6+ Kf4 88. Qh6+ Ke4 89. Qe6+ Kf4 1/2-1/2

[Event "86th UKR-ch"]
[Site "Zhytomyr UKR"]
[Date "2017.12.09"]
[Round "4"]
[White "Bernadskyi, Vitalii"]
[Black "Kovchan, Alexander"]
[WhiteElo "2583"]
[BlackElo "2592"]
[Result "1/2-1/2"]
[EventDate "2017.12.05"]
[PlyCount "22"]

1. e4 e6 2. d4 d5 3. Nc3 Nf6 4. e5 Nfd7 5. f4 c5 6. Nf3 a6 7. Be3 Qb6 8. Na4 Qa5+ 9. Nc3 Qb6 10. Na4 Qa5+ 11. Nc3 Qb6 1/2-1/2

[Event "86th UKR-ch"]
[Site "Zhytomyr UKR"]
[Date "2017.12.09"]
[Round "4"]
[White "Neverov, Valeriy"]
[Black "Vypkhaniuk, Ihor"]
[WhiteElo "2496"]
[BlackElo "2336"]
[Result "1/2-1/2"]
[EventDate "2017.12.05"]
[PlyCount "64"]

1. Nf3 Nf6 2. d4 g6 3. Bg5 Bg7 4. Nbd2 d6 5. e4 h6 6. Bh4 g5 7. Bg3 Nh5 8. c3 e6 9. Ng1 Nxg3 10. hxg3 Nd7 11. Nc4 Qe7 12. Bd3 b6 13. Qe2 Bb7 14. f4 O-O-O 15. Ne3 Nf6 16. Qc2 h5 17. Ne2 Bh6 18. O-O-O h4 19. Kb1 Rdg8 20. e5 Nh5 21. f5 g4 22. f6 Qf8 23. Nc4 h3 24. gxh3 Bxh1 25. Rxh1 d5 26. Na3 gxh3 27. Rxh3 Bg5 28. Qa4 Kb8 29. Ba6 Qe8 30. Bb5 Qc8 31. Ba6 Qe8 32. Bb5 Qc8 1/2-1/2

[Event "86th UKR-ch"]
[Site "Zhytomyr UKR"]
[Date "2017.12.09"]
[Round "4"]
[White "Shevchenko, Kirill"]
[Black "Oleksienko, Mykhailo"]
[WhiteElo "2547"]
[BlackElo "2615"]
[Result "1/2-1/2"]
[EventDate "2017.12.05"]
[PlyCount "61"]

1. d4 Nf6 2. c4 e6 3. Nf3 b6 4. g3 Bb7 5. Bg2 Be7 6. O-O O-O 7. Re1 d5 8. cxd5 exd5 9. Nc3 Nbd7 10. b3 a6 11. Bb2 Bd6 12. Nd2 Re8 13. e4 dxe4 14. Ndxe4 Nxe4 15. Nxe4 Bb4 16. Re3 a5 17. Rc1 f5 18. Nd6 Bxd6 19. Rxe8+ Qxe8 20. Bxb7 Rd8 21. Qf3 f4 22. Bc6 Qg6 23. Qd5+ Qf7 24. g4 Nf6 25. Qxf7+ Kxf7 26. g5 Ng8 27. Kg2 h6 28. gxh6 Nxh6 29. Kf3 Rh8 30. Bd7 Ng8 31. d5 1/2-1/2

[Event "86th UKR-ch"]
[Site "Zhytomyr UKR"]
[Date "2017.12.09"]
[Round "4"]
[White "Vovk, Andryi"]
[Black "Onyshchuk, Volodymyr"]
[WhiteElo "2634"]
[BlackElo "2637"]
[Result "0-1"]
[EventDate "2017.12.05"]
[PlyCount "177"]

1. Nf3 Nf6 2. g3 g6 3. Bg2 Bg7 4. O-O O-O 5. d3 c5 6. c4 Nc6 7. Nc3 a6 8. d4 cxd4 9. Nxd4 Nxd4 10. Qxd4 d6 11. Qh4 Rb8 12. Bg5 Be6 13. Rfd1 Qb6 14. Na4 Qa5 15. b3 b5 16. Bd2 Qd8 17. cxb5 axb5 18. Nc3 b4 19. Na4 Qa5 20. Rac1 Rb5 21. Qd4 Ng4 22. Qd3 Rh5 23. h4 Qa7 24. Be1 Rb8 25. e3 g5 26. hxg5 Rxg5 27. Qc2 Ra5 28. Qc7 Bf6 29. Qxa7 Rxa7 30. Bd5 Bxd5 31. Rxd5 Rab7 32. Kf1 Be5 33. Ra5 Kg7 34. Ke2 Bf6 35. f3 Ne5 36. f4 Nd7 37. Bf2 e6 38. e4 Bd8 39. Ra6 Be7 40. Kf3 Kg8 41. Nb2 Nf6 42. Nd3 d5 43. e5 Ne4 44. Bd4 Bf8 45. g4 Re8 46. Rc2 Rbb8 47. Rac6 Ra8 48. Nf2 Nxf2 49. Bxf2 Bg7 50. Bh4 h6 51. Ke2 Ra5 52. Be1 Rb5 53. Rc8 Rxc8 54. Rxc8+ Kh7 55. Rc7 Kg6 56. Kd3 Rb6 57. Ra7 Rb8 58. Bd2 h5 59. gxh5+ Kxh5 60. Rxf7 Kg6 61. Ra7 Bf8 62. Rc7 Ra8 63. Rc2 Be7 64. Be3 Rh8 65. Rc7 Bf8 66. Rc8 Kf7 67. Ke2 Rh2+ 68. Kf3 Rh3+ 69. Kf2 Be7 70. Rc7 Ke8 71. f5 exf5 72. e6 Bd6 73. Rd7 f4 74. Bd4 Be7 75. Rb7 Bh4+ 76. Kg2 Rg3+ 77. Kf1 Rg6 78. Rb6 f3 79. Bc5 Bd8 80. Ra6 d4 81. Bxd4 Rg2 82. Ra8 Ke7 83. Bc5+ Kxe6 84. Rxd8 Ke5 85. Bf2 Rg6 86. Rd3 Ra6 87. Rxf3 Rxa2 88. Be1 Ke4 89. Rh3 0-1

[Event "86th UKR-ch"]
[Site "Zhytomyr UKR"]
[Date "2017.12.07"]
[Round "5"]
[White "Frolov, Artur"]
[Black "Shevchenko, Kirill"]
[WhiteElo "2416"]
[BlackElo "2547"]
[Result "1/2-1/2"]
[EventDate "2017.12.05"]
[PlyCount "112"]

1. e4 c5 2. Nf3 d6 3. d4 cxd4 4. Nxd4 Nf6 5. Nc3 a6 6. Be3 e5 7. Nb3 Be6 8. f3 h5 9. Nd5 Bxd5 10. exd5 g6 11. c4 Nbd7 12. Bd3 Bg7 13. O-O O-O 14. Kh1 Re8 15. Nd2 b5 16. Ne4 Qb8 17. b3 Rc8 18. Rc1 Nb6 19. Qe1 bxc4 20. bxc4 Nbd7 21. Qf2 Qc7 22. g4 Nxe4 23. fxe4 Nf6 24. gxh5 Nxh5 25. c5 dxc5 26. Rxc5 Qb7 27. Rxc8+ Rxc8 28. Qe2 Qb4 29. Rc1 Rxc1+ 30. Bxc1 Bf8 31. Kg2 Bc5 32. Kf3 a5 33. Bg5 Kf8 34. Qd2 Qd4 35. Be3 Qxe3+ 36. Qxe3 Bxe3 37. Kxe3 Ke7 38. Bb5 f5 39. Bd3 fxe4 40. Bxe4 g5 41. Kd3 Nf6 42. Bf3 Kd6 43. Kc4 e4 44. Bg2 Ke5 45. d6 g4 46. a4 Nd7 47. Bf1 Kxd6 48. Kd4 Nb6 49. Be2 Nxa4 50. Bxg4 Nc5 51. Bd1 Nd3 52. Bc2 Nb4 53. Bxe4 a4 54. Bb1 a3 55. Kc3 a2 56. Bxa2 Nxa2+ 1/2-1/2

[Event "86th UKR-ch"]
[Site "Zhytomyr UKR"]
[Date "2017.12.07"]
[Round "5"]
[White "Oleksienko, Mykhailo"]
[Black "Vovk, Andryi"]
[WhiteElo "2615"]
[BlackElo "2634"]
[Result "1/2-1/2"]
[EventDate "2017.12.05"]
[PlyCount "51"]

1. e4 c5 2. Nf3 d6 3. d4 Nf6 4. Nc3 cxd4 5. Nxd4 Nc6 6. f3 e5 7. Nb3 Be7 8. Be3 Be6 9. Qe2 O-O 10. O-O-O Qc8 11. g4 a5 12. g5 Ne8 13. Na4 Qc7 14. Kb1 b5 15. Qxb5 Nb4 16. c3 Bd7 17. Qb6 Bxa4 18. cxb4 Qxb6 19. Bxb6 axb4 20. Rg1 Rb8 21. Ba7 Rc8 22. Bh3 Ra8 23. Be3 Nc7 24. Rc1 Ne6 25. Nd2 Bb5 26. Bf1 1/2-1/2

[Event "86th UKR-ch"]
[Site "Zhytomyr UKR"]
[Date "2017.12.07"]
[Round "5"]
[White "Onyshchuk, Volodymyr"]
[Black "Kovchan, Alexander"]
[WhiteElo "2637"]
[BlackElo "2592"]
[Result "1/2-1/2"]
[EventDate "2017.12.05"]
[PlyCount "23"]

1. e4 c5 2. Nf3 d6 3. Bb5+ Nd7 4. O-O a6 5. Bd3 Ngf6 6. c3 b5 7. Bc2 Bb7 8. Re1 c4 9. b4 e5 10. a4 Be7 11. d4 cxd3 12. Bxd3 1/2-1/2

[Event "86th UKR-ch"]
[Site "Zhytomyr UKR"]
[Date "2017.12.07"]
[Round "5"]
[White "Vypkhaniuk, Ihor"]
[Black "Bernadskyi, Vitalii"]
[WhiteElo "2336"]
[BlackElo "2583"]
[Result "0-1"]
[EventDate "2017.12.05"]
[PlyCount "86"]

1. Nf3 d5 2. g3 e6 3. Bg2 Nf6 4. O-O c5 5. d4 b5 6. b3 Ba6 7. c4 bxc4 8. bxc4 Bxc4 9. Ne5 Bb5 10. Nc3 a6 11. a4 Bc6 12. e4 dxe4 13. Nxc6 Nxc6 14. Nxe4 Nxe4 15. Bxe4 Nxd4 16. Bxa8 Qxa8 17. Ra3 Qd5 18. Bb2 c4 19. Re3 Bc5 20. Qg4 O-O 21. Qe4 Rd8 22. Rc1 h6 23. Bxd4 Bxd4 24. Re2 c3 25. Kg2 Qxe4+ 26. Rxe4 e5 27. g4 Rb8 28. Rc2 f6 29. Kf3 Kf7 30. Ke2 Ke6 31. f4 Kd5 32. Kd3 Rb1 33. fxe5 fxe5 34. Rce2 Ra1 35. Rc2 Rd1+ 36. Ke2 Kxe4 37. Kxd1 Kd3 38. h4 Be3 39. g5 Bd2 40. gxh6 e4 41. hxg7 e3 42. Rxd2+ cxd2 43. g8=Q e2# 0-1

[Event "86th UKR-ch"]
[Site "Zhytomyr UKR"]
[Date "2017.12.17"]
[Round "6"]
[White "Kovchan, Alexander"]
[Black "Oleksienko, Mykhailo"]
[WhiteElo "2592"]
[BlackElo "2615"]
[Result "1-0"]
[EventDate "2017.12.05"]
[PlyCount "96"]

1. e4 c5 2. Nf3 d6 3. d4 cxd4 4. Nxd4 Nf6 5. Nc3 a6 6. Bg5 e6 7. f4 h6 8. Bh4 Qb6 9. a3 Be7 10. Bf2 Qc7 11. Qf3 b5 12. g4 Nc6 13. Nxc6 Qxc6 14. O-O-O Bb7 15. Bd3 Nd7 16. Bd4 e5 17. Be3 exf4 18. Bxf4 Qc5 19. h4 b4 20. axb4 Qxb4 21. g5 Rb8 22. Rdf1 Bc6 23. Nd1 Nc5 24. Bd2 Nxd3+ 25. cxd3 Qb3 26. Bc3 hxg5 27. h5 Ba4 28. Kd2 Qc2+ 29. Ke3 f6 30. Rf2 Qb3 31. Kd2 Qc2+ 32. Ke3 Qb3 33. Kd2 d5 34. Ne3 Bc5 35. d4 Ba3 36. Qf5 O-O 37. h6 Qa2 38. Qe6+ Rf7 39. h7+ Kh8 40. Qxf7 Rxb2+ 41. Bxb2 Qxb2+ 42. Ke1 Qb1+ 43. Ke2 Bb5+ 44. Kf3 Qxe4+ 45. Kg3 Bd6+ 46. Kh3 Qxh1+ 47. Kg4 Qh4+ 48. Kf3 Qe4# 1-0

[Event "86th UKR-ch"]
[Site "Zhytomyr UKR"]
[Date "2017.12.17"]
[Round "6"]
[White "Onyshchuk, Volodymyr"]
[Black "Vypkhaniuk, Ihor"]
[WhiteElo "2637"]
[BlackElo "2336"]
[Result "1/2-1/2"]
[EventDate "2017.12.05"]
[PlyCount "85"]

1. d4 d6 2. c4 g6 3. Nc3 Bg7 4. e4 Nf6 5. Nf3 O-O 6. Be2 Nbd7 7. O-O c6 8. Be3 e5 9. d5 c5 10. Nd2 Ne8 11. Rb1 f5 12. f3 Bf6 13. Kh1 Bg5 14. Bxg5 Qxg5 15. exf5 gxf5 16. g3 Qh6 17. f4 Ng7 18. Qe1 b6 19. Qf2 Bb7 20. Kg1 Rae8 21. Rbe1 Bc8 22. Nd1 Nf6 23. Ne3 Ne4 24. Nxe4 fxe4 25. Kh1 Bh3 26. Rg1 exf4 27. gxf4 Qxf4 28. Qg3 Qxg3 29. Rxg3 Bd7 30. Bg4 Bxg4 31. Rxg4 Rf6 32. Kg2 Rg6 33. Kh3 Rf8 34. Rxg6 hxg6 35. Ng4 Rf3+ 36. Kh4 Kf7 37. Rxe4 a6 38. Nh6+ Kf6 39. Kg4 Rf1 40. Ng8+ Kf7 41. Nh6+ Kf6 42. Ng8+ Kf7 43. Nh6+ 1/2-1/2

[Event "86th UKR-ch"]
[Site "Zhytomyr UKR"]
[Date "2017.12.17"]
[Round "6"]
[White "Vovk, Andryi"]
[Black "Frolov, Artur"]
[WhiteElo "2634"]
[BlackElo "2416"]
[Result "1/2-1/2"]
[EventDate "2017.12.05"]
[PlyCount "46"]

1. e4 c5 2. Nf3 d6 3. d4 cxd4 4. Nxd4 Nf6 5. Nc3 Nc6 6. Bc4 e6 7. Be3 a6 8. Qe2 Qc7 9. a4 Bd7 10. O-O Ne5 11. Bb3 Rc8 12. Rad1 Nc4 13. Bc1 Be7 14. Rd3 O-O 15. Rfd1 Rfd8 16. g4 Qc5 17. g5 Ne8 18. Bxc4 Qxc4 19. Qh5 g6 20. Qh6 Bf8 21. Qh4 Be7 22. Qh6 Bf8 23. Qh4 Be7 1/2-1/2

[Event "86th UKR-ch"]
[Site "Zhytomyr UKR"]
[Date "2017.12.15"]
[Round "7"]
[White "Frolov, Artur"]
[Black "Kovchan, Alexander"]
[WhiteElo "2416"]
[BlackElo "2592"]
[Result "0-1"]
[EventDate "2017.12.05"]
[PlyCount "103"]

1. e4 c5 2. Nf3 d6 3. d4 cxd4 4. Nxd4 Nf6 5. Nc3 a6 6. Be3 e5 7. Nb3 Be6 8. f3 h5 9. Nd5 Bxd5 10. exd5 g6 11. c4 Bh6 12. Bxh6 Rxh6 13. Qd2 Rh8 14. Bd3 Nbd7 15. O-O Qb6+ 16. Kh1 h4 17. Qf2 Qxf2 18. Rxf2 a5 19. Re1 Kf8 20. Kg1 Nh5 21. Rc2 b6 22. Rc3 f5 23. Bc2 Kf7 24. Nc1 Nf4 25. Ne2 Nxe2+ 26. Rxe2 Nc5 27. Kf2 Rab8 28. Bd3 Rhc8 29. Ke3 Kf6 30. b3 g5 31. Rec2 f4+ 32. Kd2 g4 33. fxg4 h3 34. gxh3 Rh8 35. Bf1 Ne4+ 36. Kd3 Ng5 37. a3 e4+ 38. Kd4 e3 39. b4 axb4 40. axb4 Rbe8 41. Re2 Re4+ 42. Kd3 Ke5 43. c5 bxc5 44. bxc5 Rd4+ 45. Kc2 Ne4 46. Ra3 Rc4+ 47. Kd3 Rc1 48. Rxe3 fxe3 49. Bg2 e2 50. Kxe2 Rc2+ 51. Kf1 Rf8+ 52. Bf3 0-1

[Event "86th UKR-ch"]
[Site "Zhytomyr UKR"]
[Date "2017.12.15"]
[Round "7"]
[White "Gasanov, Eldar"]
[Black "Bernadskyi, Vitalii"]
[WhiteElo "2488"]
[BlackElo "2583"]
[Result "1/2-1/2"]
[EventDate "2017.12.05"]
[PlyCount "90"]

1. d4 Nf6 2. c4 c5 3. d5 b5 4. cxb5 a6 5. bxa6 g6 6. Nc3 Bxa6 7. Nf3 d6 8. e4 Bxf1 9. Kxf1 Bg7 10. g3 O-O 11. Kg2 Nbd7 12. Re1 Ra6 13. a4 Qa8 14. Nb5 Rc8 15. Bd2 Ne8 16. Bc3 Nc7 17. Bxg7 Kxg7 18. Nxc7 Rxc7 19. Qc2 Rb7 20. Qc3+ Kg8 21. b3 Rb4 22. Nd2 f5 23. f3 Ne5 24. Rad1 fxe4 25. Nxe4 Rab6 26. Nxc5 Qc8 27. Rc1 Qf5 28. Ne6 Kf7 29. Nd4 Rxd4 30. Qxd4 Rxb3 31. f4 Qd3 32. Rcd1 Qxd4 33. Rxd4 Rb2+ 34. Kf1 Nf3 35. Rd3 Nxe1 36. Kxe1 Ra2 37. h3 Rxa4 38. Kf2 Kf6 39. Kf3 h5 40. g4 hxg4+ 41. hxg4 Rb4 42. Kg3 Rb1 43. Kf3 Rf1+ 44. Ke4 g5 45. Rf3 Re1+ 1/2-1/2